000 01403nac a22003731i 4500
003 EG-ScBUE
005 20241008090721.0
006 m||||fq||h 00| 0
008 241008t1992 maua f 001 0 eng d
020 _a0201555727
020 _a9780201555721
035 _a(OCoLC)26649921
040 _aEG-ScBUE
_beng
_erda
_cEG-ScBUE
_dEG-ScBUE
082 0 4 _a515.078
_bFIN
_222
100 1 _aFinch, James K.,
_eauthor.
245 1 0 _aExploring calculus with mathematica for the macintosh interface /
_cJames K. Finch, Millianne Lehmann, University of San Francisco.
264 1 _aReading, Massachusetts :
_bAddison-Wesley Publishing Company,
_c[1992]
264 4 _cc1992
300 _ax, 341 pages :
_billustrations ;
_c24 cm +
_e1 computer disk
336 _2rdacontent
_atext
_btxt
336 _2rdacontent
_asounds
_bsnd
337 _aunmediated
_2rdamedia
_bn
337 _acomputer
_2rdamedia
_bc
338 _avolume
_bnc
_2rdacarrier
338 _acomputer disc
_bcd
_2rdacarrier
500 _aSystem requirements for computer disk: Macintosh computer; System operating system; Mathematica 2.0.
500 _a"For use with Mathematica version 2.0"--Label on computer disk.
500 _aIncludes index.
500 _aIncludes appendix.
650 7 _aCalculus
_xData processing.
_2BUEsh
655 _vReading book
700 1 _aLehmann, Millianne,
_eauthor.
942 _cBB
_2ddc
999 _c4180
_d4180